00571nam a22001697a 450000500170000001000400001702000260005703500280008303700150011103700150012608200130014110000210015424501040017526000290027927000680030830000250037620180922153107.0 a1718EN-30 B-688388-402 ENG-123648 a9788184007626c599.00 aB-688388-402 EN-107180 bAakaradpl bDBAD/PUB.  a306.0954 aAnirudh Krishna  aThe Broken ladder: cby Anirudh Krishna bthe paradox and the potential of India’s one billion /  aGurgaon bPenguin c2017 a7th Floor, Infinity Tower C, DLF Cyber City, bGurgaon e122002 axli,282p.c23cm(Hb)